000 00654nam a2200205 i 4500
001 136790
003 ES-MaACL
005 20250714072814.0
007 t|
008 070214s1968 sp r ||||1| spa d
100 1 _aSaiz Barberá, Juan.
_9101625
245 1 0 _aRaimundo Lulio, genio de la filosofía y mística española /
_cJuan Saiz Barberá.
250 _a1ª ed.
260 _aMadrid :
_bEPESA [Ediciones y Publicaciones Españolas],
_c1968.
300 _aXXV, 899 p. ;
_c25 cm.
504 _aBibliografía: p. [853]-875.
600 0 4 _aRamón Llull,
_cBeato,
_dca. 1232-1316?
_995219
852 _aES-MaACL
_jC-45567
999 _c136790
_d136790